000 00622cam a22002051i 4500
001 000009398
005 20200929161600.0
008 770209s1986 sp 000 0 spa
020 _a8432230316
040 _aDO-SdBNP
_bspa
_cBNPHU
082 _aA863.44
_bP979b
100 1 _aPuig, Manuel
_924180
245 1 4 _aThe Buenos Aires affair :
_bnovela policial /
_cManuel Puig.
260 _aBarcelona :
_bSeix Barral,
_c1986.
300 _a222 p. ;
_c18 cm.
490 1 _aBiblioteca de bolsillo
650 4 _aNovela policiaca argentina
_924183
650 4 _aLiteratura argentina
_93860
830 0 _aBiblioteca de bolsillo
_95816
999 _c9158
_d9158